000 01175cab a22002414i 4500
001 768714001
003 CO-MdFUSB
005 20241002062723.0
008 161110s2006 gt ||||| |||| 00| 0 spa d
022 _a1014-9341
040 _aCO-MdFUSB
_bspa
_cCO-MdFUSB
_dCO-MdFUSB
041 _aspa
100 1 _aGreen, Eugenio
_eautor
245 0 0 _aEl anuncio del evangelio ante el poder imperial en Tesalónica
_c/ Eugenio Green
300 _aNúmero 39 (Julio - Diciembre, 2006), páginas 9-21
_c; 22 cm
520 _aA la luz de la historia política de Macedonia y Tesalónica se ve que la misión de Pablo y su equipo en esa ciudad tenía implicaciones políticas frente al poder romano. Anunciaban un nuevo Rey. Ese Rey había triunfado sobre la cruz, el instrumento de terror empleado por Roma para mantener su dominio
650 7 _aCristianismo
_xHistoria
_y0030-0600 (Iglesia primitiva)
_2
_9217
653 _aApóstol Pablo
653 _aTesalónica
773 0 _tKairós
_049489
_961219
_gNúmero 39 (Julio - Diciembre, 2006), páginas 9-21
_qPágina 9
773 0 _tKairós
_049489
_981323
_gNúmero 39 (Julio - Diciembre, 2006), páginas 9-21
_qPágina 9
942 _cANA
999 _c61684
_d61684